000 02541nam a22003977a 4500
001 100380
003 KnowledgeUnlatched
005 20210303105316.0
006 m o d
007 cr u||||||||||
008 210129p20172018sa o u00| u eng d
035 _a(OCoLC)986539762
037 _5BiblioBoard
245 0 0 _aRemains of the Social
_bDesiring the Post-Apartheid /
_cMaurits van Bever Donker, Ross Truscott, Gary Minkley, Premesh Lalu.
020 _a9781776140381
029 1 _ahttps://library.biblioboard.com/ext/api/media/a7aae24c-7edd-405b-a7f6-84df72e2aba8/assets/thumbnail.jpg
040 _aScCtBLL
_cScCtBLL
506 0 _aAccess copy available to the general public.
_fUnrestricted
_2star
700 1 _aDonker, Maurits van Bever
_eeditor.
700 1 _aTruscott, Ross
_eeditor.
700 1 _aMinkley, Gary
_eeditor.
700 1 _aLalu, Premesh
_eeditor.
264 1 _bWits University Press,
300 _a1 online resource (312 p.)
520 _aRemains of the Social is an interdisciplinary volume of essays that engages with what 'the social' might mean after apartheid; a condition referred to as 'the post-apartheid social'. The volume grapples with apartheid as a global phenomenon that extends beyond the borders of South Africa between 1948 and 1994 and foregrounds the tension between the weight of lived experience that was and is apartheid, the structures that condition that experience, and a desire for a 'postapartheid social' (think unity through difference). Collectively, the contributors argue for a recognition of the 'the post-apartheid' as a condition that names the labour of coming to terms with the ordering principles that apartheid both set in place and foreclosed. The volume seeks to provide a sense of the terrain on which 'the post-apartheid' - as a desire for a difference that is not apartheid's difference - unfolds, falters and is worked through.
588 0 _aDescription based on print version record.
590 _aKU Select 2016 Front List Collection
650 7 _aHistory
_2bisacsh
650 0 _aHistory
655 0 _aElectronic books.
758 _iIs found in:
_aKnowledge Unlatched
_1https://openresearchlibrary.org/module/2774bc74-146a-484f-a7ba-ab1d6a09bbfb
856 4 0 _uhttps://openresearchlibrary.org/content/a7aae24c-7edd-405b-a7f6-84df72e2aba8
_zView this content on Open Research Library.
_70
999 _c34122
_d34122